000 03032nam a2200337 i 4500
001 768714001
003 CO-MdFUSB
005 20210419091623.0
007 ta
008 200616t1944 ck |||| |||| 00| 0 spa d
020 _a9582708018
040 _aCO-MdFUSB
_bspa
_cCO-MdFUSB
_dCO-MdFUSBC
_erda
041 _aspa
082 _223
_a152.4
_bR436
100 _aRestrepo, Luis Carlos.
_eautor
245 3 _aEl derecho a la ternura
_c/ Luis Carlos Restrepo
250 _aTercera edición
264 1 _aBogotá, Colombia :
_bArango,
_c[1944]
264 4 _c©1944
300 _c191 páginas ;
_a20 cm
336 _2rdacontent
_atexto
_btxt
337 _2rdamedia
_asin mediación
_bn
338 _2rdacarrier
_avolumen
_bnc
338 _avolumen
_bnc
_2rdacarrier
505 _aLo público y lo privado -- Falacias epistemológicas -- Analfabetismo afectivo -- Herederos de Alejandro -- Las locuras permitidas -- La cognición afectiva -- Sentir la verdad -- El cerebro social -- Agarrar y acariciar -- Retorno a la sabiduría -- Entre el amor y el odio -- Violencia sin sangre --Pareja: ¿Tarea imposible? -- Estética de la intimidad -- Actuando desde la fragilidad -- Ecoternura -- Claves teológicas -- Camino a la gratuidad -- DE cara a lo demoníaco -- Lo que puede el cuerpo
520 _aLa ternura sólo es reconocida como parte del amor maternal o en la relación del niño con un osito de peluche. Con esta reveladora, si bien reconocida afirmación, se inicia el texto El derecho a la ternura, tercer libro del joven psiquiatra Luis Carlos Restrepo. Se trata de una reflexión que aborda la consideración de los sentimientos que suscitan las relaciones entre los seres humanos; del amor, o más bien de la expresión del amor. Comienza con un examen de la prohibición tácita de que el ser masculino pueda abrirse al lenguaje de la sensibilidad, en particular en el ámbito de la sexualidad, pero igualmente abarca los simbolos culturales, los cuales establecen reglas acerca de las conductas, las aspiraciones y las convicciones que ordenan entablar un auténtico combate en lugar de una convivencia afectiva. Nos habla acerca de un analfabetismo sentimental, de los tabúes que rodean el agarrarnos y acariciarnos, del odio frente al amor (sólo hay un paso entre los dos, se nos dice...), de la "violencia sin sangre", de lo que puede ser una estética de la intimidad, del idioma que el cuerpo puede establecer entre nosotros. Se ajusta a la definición de Roland Barthes: "Ternura: Goce, pero también evaluación inquietante de los gestos tiernos del objeto amado, en la medida en que el sujeto comprende que carece de su privilegio". Uno de los inquietantes temas que discute este libro es el del discurso académico, del cual ha sigo excluida desde hace tanto tiempo la ternura, en aras del rigor científico, de la supuesta verdad acerca de los sentimientos, de los requisitos teóricos del aprendizaje.
563 _aRústico
650 7 _972
_aPsicología social
942 _cBK
945 _aDani
999 _c66134
_d66134